Bicentenario : Francisco José de Caldas, 1768-1816 /

Đã lưu trong:
Chi tiết về thư mục
Tác giả của công ty: Congreso del Bicentenario de la muerte de Caldas
Tác giả khác: Álvarez Polo, Yolima (Biên tập viên), Díez Fonnegra, Carlos Alberto (Biên tập viên), Moreno Mosquera, Asdrúbal (Biên tập viên), Suárez Lozano, Iván Felipe (Biên tập viên), Arboleda, Luis Carlos (Biên tập viên), Valencia Restrepo, Darío (Biên tập viên)
Định dạng: Điện tử Hội nghị đang tiến hành eBook
Ngôn ngữ:Tiếng Tây Ban Nha
Được phát hành: Bogotá : Editorial Universidad del Rosario, [2019]
Phiên bản:Primera edición.
Những chủ đề:
Truy cập trực tuyến:Digitalia Hispánica
Các nhãn: Thêm thẻ
Không có thẻ, Là người đầu tiên thẻ bản ghi này!

MARC

LEADER 00000nam a2200000 i 4500
001 DIGUDROS0429
003 NyNyDIG
006 m o d
008 200116s2019 ck ab ob 110 0 spa d
007 cr |||||||||||
035 |a (OCoLC)1106173058 
040 |a DGITA  |b eng  |e rda  |e pn  |c DGITA 
020 |a 9789587841923  |q (eBook ;  |q ePub) 
020 |a 9587841921  |q (eBook ;  |q ePub) 
020 |a 9789587841930  |q (eBook ;  |q pdf) 
020 |a 958784193X  |q (eBook ;  |q pdf) 
020 |a 9789587841916  |q (impreso) 
020 |a 9587841913  |q (impreso) 
041 0 |a spa  |b eng  |b spa 
043 |a s-ck--- 
050 1 4 |a QK31.C35 ebook 
082 0 4 |a 580.92 
245 0 0 |a Bicentenario :  |b Francisco José de Caldas, 1768-1816 /  |c Comité editorial, Yolima Álvarez Polo, Carlos Alberto Díez Fonnegra, Asdrúbal Moreno Mosquera, Iván Felipe Suárez Lozano ; con el apoyo de Luis Carlos Arboleda, Darío Valencia Restrepo. 
246 3 |a Bicentenario de Francisco José de Caldas, 1768-1816 
250 |a Primera edición. 
264 1 |a Bogotá :  |b Editorial Universidad del Rosario,  |c [2019] 
300 |a 1 online resource :  |b illustrations, maps. 
336 |a text  |b txt  |2 rdacontent 
337 |a computer  |b c  |2 rdamedia 
338 |a online resource  |b cr  |2 rdacarrier 
347 |a text file  |2 rdaft 
347 |b EPUB 
347 |b PDF 
504 |a Includes bibliographical references. 
546 |a Text in Spanish, summary in Spanish and English. 
588 0 |a Online resource; title from ePub title page (Digitalia, viewed January 16, 2020) 
600 1 0 |a Caldas, Francisco José de,  |d 1768-1816  |v Congresses. 
650 0 |a Botanists  |z Colombia  |v Biography. 
650 0 |a Science  |z Colombia  |x History  |v Congresses. 
650 0 |a Botany  |z Colombia  |x History  |v Congresses. 
655 0 |a Electronic books. 
700 1 |a Álvarez Polo, Yolima,  |e editor. 
700 1 |a Díez Fonnegra, Carlos Alberto,  |e editor. 
700 1 |a Moreno Mosquera, Asdrúbal,  |e editor. 
700 1 |a Suárez Lozano, Iván Felipe,  |e editor. 
700 1 |a Arboleda, Luis Carlos,  |e editor. 
700 1 |a Valencia Restrepo, Darío,  |e editor. 
711 2 |a Congreso del Bicentenario de la muerte de Caldas  |d (2016 :  |c Bogotá, Columbia),  |j issuing body. 
791 2 |a Digitalia (Firm),  |e distributor. 
793 0 |g Digitalia eBook Collection:  |a Universidad del Rosario 
776 0 8 |i Print version:  |t Bicentenario.  |b Primera edición.  |d Bogotá : Editorial Universidad del Rosario, 2019  |z 9789587841916  |w (OCoLC)1128832991 
856 4 0 |3 Digitalia Hispánica  |u https://digitalia.unach.elogim.com/a/61009/ 
910 |a Premium collection: 2020